Leio sozinho (Registo nº 4144)

Detalhes MARC
000 -Etiqueta do registo
Cabeçalho 00894cam a2200325 4500
005 - Identificador da versão
Campo de controlo 20240813122053.0
010 ## - Número internacional normalizado dos livros (ISBN)
Número (ISBN) 9725532619
ISBN errado 972-553-262-2
Número (ISBN) 972-553-263-5
ISBN errado 972-553-341-X
021 ## - Número do Depósito Legal
Código do país PT
Número 130548/98
Código do país PT
Número 130539/98
Código do país PT
Número 130545/98
Código do país PT
Número 168002/01
100 ## - Dados gerais de processamento
Dados gerais de processamento 20000329g19999999c y0pory5003 ba
102 ## - Pais de publicação ou produção
País de publicação Portugal
101 1# - Língua de publicação
Língua do texto, banda sonora, etc. Português
Língua do documento no original Inglês
106 ## - Campo de dados codificados: material textual
Dados codificados do material textual r
105 ## - Campo de dados codificados: livros
Dados codificados dos livros a z 000yy
215 ## - Descrição física 
Indicação específica da natureza do documento e extensão da espécie v.
Outras indicações físicas muito il.
Dimensões 18 cm
200 1# - Titulo e menção de responsabilidade
Título próprio Leio sozinho
Informação de outro título nível 4
Primeira menção de responsabilidade trad. Maria Isabel Mendonça Soares
225 1# - Colecção 
Título próprio da colecção Ler é crescer
210 ## - Publicação, Distribuição, etc. 
Lugar da edição, distribuição, etc. Lisboa
Nome do editor, distribuidor, etc. Verbo
Data da publicação, distribuição, etc. 1999-
327 0# - Nota de conteúdo 
Texto da nota [2º v.]: Pedro e o Lobo / il. Richard Hook. - 1999. - 43 p.
675 ## - Classificação Decimal Universal (CDU)
Notação 087.5
Edição BN
Língua da edição por
700 #1 - Nome de autor-pessoa física (responsabilidade principal)
Número de registo de entrada de autoridade 0000054
Palavra de ordem Soares
Outra parte do nome não tomada para palavra de ordem Maria Isabel de Mendonça
Datas 1922-
966 ## - Identificação da Biblioteca
Sigla EBVendas
942 ## - Elementos de entrada adicionados (Koha)
Tipo de item no Koha Livro
Exemplares
Situação do levantamento Origin of item (home branch) (coded) Biblioteca de empréstimo Código de barras Cota Circulation type (not for loan) Tipo de documento Nota do exemplar Damaged status
  Biblioteca Escolar das Vendas Biblioteca Escolar das Vendas BEV869 8POR SOA   Livro Sem mensagem